Potential Energy / An Analysis of World Energy Technology (Record no. 1788)
[ view plain ]
| 000 -LEADER | |
|---|---|
| fixed length control field | 01059cam a22002054a 4500 |
| 005 - ΗΜΕΡΟΜΗΝΙΑ ΚΑΙ ΩΡΑ ΤΕΛΕΥΤΑΙΑΣ ΕΝΗΜΕΡΩΣΗΣ | |
| Πεδίο ελέγχου | 20250605164019.0 |
| 008 - FIXED-LENGTH DATA ELEMENTS--GENERAL INFORMATION | |
| Πεδίο ελέγχου σταθερού μήκους | 250528s ||||||||||||||||||||||||d |
| 035 ## - SYSTEM CONTROL NUMBER | |
| System control number | 16270 |
| 020 ## - ISBN | |
| ISBN | 521210860 |
| 040 ## - ΠΗΓΗ ΚΑΤΑΛΟΓΟΓΡΑΦΗΣΗΣ | |
| Φορέας πρωτότυπης καταλογογράφησης | MC Athens Campus Library |
| Γλώσσα καταλογογράφησης | Ελληνικά, Μοντέρνα (1453-) |
| Modifying agency | MC Athens Campus Library |
| Κανόνες περιγραφικής καταλογογράφησης | AACR2 |
| 245 1# - ΤΙΤΛΟΣ ΚΑΙ ΔΗΛΩΣΗ ΥΠΕΥΘΥΝΟΤΗΤΑΣ | |
| Τίτλος | Potential Energy / An Analysis of World Energy Technology |
| 260 ## - PUBLICATION, DISTRIBUTION, ETC. | |
| Name of publisher, distributor, etc. | Cambridge University Press, |
| Date of publication, distribution, etc. | 1976 |
| 300 ## - PHYSICAL DESCRIPTION | |
| Extent | 230 |
| 505 0# - FORMATTED CONTENTS NOTE | |
| Formatted contents note | Preface, The Numbers Game - Some Units and Equivalents, The Energy Picture, Reserves and Resources, Back to the Drawing Board, Coal, Oil Resources, Nuclear Fission, Fusion, Solar Power, Earth Power, Using It Wisely, The Energy Equations, Information, Acknowledgements, Index. |
| 520 ## - SUMMARY, ETC. | |
| Summary, etc. | Preface, The Numbers Game - Some Units and Equivalents, The Energy Picture, Reserves and Resources, Back to the Drawing Board, Coal, Oil Resources, Nuclear Fission, Fusion, Solar Power, Earth Power, Using It Wisely, The Energy Equations, Information, Acknowledgements, Index. |
| 700 1# - ΠΡΟΣΘΕΤΗ ΑΝΑΓΡΑΦΗ--ΦΥΣΙΚΟ ΠΡΟΣΩΠΟ | |
| Personal name | Kenward Michael |
| 9 (RLIN) | 2353 |
| 942 ## - ADDED ENTRY ELEMENTS (KOHA) | |
| Koha item type | Books |
| Τύπος τεκμηρίου | Βιβλιοθήκη | Τρέχουσα τοποθεσία | Barcode | Αριθμός εισαγωγής | Ημερομηνία απόκτησης | Ταξιθετικό σύμβολο | Αριθμός αντιτύπου | Κατάσταση απόσυρσης | Κατάσταση χαμένου | Κατάσταση κατεστραμμένου | Μη δανεισμός | Σύνολο δανεισμών | Ημερομηνία τελευταίας εμφάνισης | Η τιμή ισχύει από |
|---|---|---|---|---|---|---|---|---|---|---|---|---|---|---|
| Books | MC Athens Campus Library | MC Athens Campus Library | 9780000017871 | 3357 | 05/06/2025 | 621 KEN | 1 | 05/06/2025 | 05/06/2025 |